000 00235 a2200097 4500
001 47929
100 _aPoplai S L
245 _aAsia & African in the Modern World
260 _aBombay
_bAsia Publishing House
_c
090 _c30924
_d30924
942 _aNUST-CAE
_cM
_c23252
999 _c283002
_d283002